Ten Flag shapes of the world - speed typing - Statistics

General Stats
  • This quiz has been taken 88 times
  • The average score is 7 of 10
Answer Stats
Picture Answer % Correct
Albania
100%
Algeria
100%
Armenia
100%
Australia
100%
Austria
100%
Bahrain
100%
Barbados
100%
Belgium
100%
Bolivia
100%
Bosnia and Herzegovina
100%
Botswana
100%
Brazil
100%
Burundi
100%
Cambodia
100%
Cape Verde
100%
Chile
100%
China
100%
Costa Rica
100%
Cuba
100%
Czech Republic
100%
D.R. Congo
100%
Ecuador
100%
El Salvador
100%
Estonia
100%
Ethiopia
100%
France
100%
Georgia
100%
Germany
100%
Ghana
100%
Greece
100%
Guinea
100%
Guinea-Bissau
100%
India
100%
Indonesia
100%
Iran
100%
Iraq
100%
Israel
100%
Jamaica
100%
Lebanon
100%
Lesotho
100%
Liberia
100%
Libya
100%
Liechtenstein
100%
Madagascar
100%
Mauritius
100%
Mexico
100%
Mongolia
100%
Montenegro
100%
Morocco
100%
Namibia
100%
Nauru
100%
Nepal
100%
Netherlands
100%
Nigeria
100%
Pakistan
100%
Palau
100%
Papua New Guinea
100%
Philippines
100%
Poland
100%
Portugal
100%
Rep. of the Congo
100%
Russia
100%
Saint Lucia
100%
Seychelles
100%
Sierra Leone
100%
Slovakia
100%
Slovenia
100%
South Africa
100%
South Korea
100%
South Sudan
100%
Spain
100%
Sudan
100%
Switzerland
100%
Tunisia
100%
Turkey
100%
Turkmenistan
100%
Tuvalu
100%
Uganda
100%
Ukraine
100%
United States
100%
Venezuela
100%
Vietnam
100%
Laos
80%
Norway
80%
Andorra
75%
Cyprus
75%
Denmark
75%
Malaysia
75%
Trinidad and Tobago
75%
Vatican City
75%
Burkina Faso
67%
Cameroon
67%
Central African Republic
67%
Djibouti
67%
Gambia
67%
Ireland
67%
New Zealand
67%
Panama
67%
Peru
67%
Samoa
60%
Taiwan
60%
Antigua and Barbuda
50%
Canada
50%
Chad
50%
Dominica
50%
East Timor
50%
Fiji
50%
Iceland
50%
Kiribati
50%
Kyrgyzstan
50%
Mali
50%
Moldova
50%
Monaco
50%
Myanmar
50%
Saint Vincent and the Grenadines
50%
Senegal
50%
Solomon Islands
50%
Thailand
50%
Zambia
50%
Bahamas
33%
Belize
33%
Grenada
33%
Luxembourg
33%
Marshall Islands
33%
Nicaragua
33%
Afghanistan
0%
Angola
0%
Argentina
0%
Azerbaijan
0%
Bangladesh
0%
Belarus
0%
Benin
0%
Bhutan
0%
Brunei
0%
Bulgaria
0%
Colombia
0%
Comoros
0%
Croatia
0%
Dominican Republic
0%
Egypt
0%
Equatorial Guinea
0%
Eritrea
0%
Eswatini
0%
Finland
0%
F.S. Micronesia
0%
Gabon
0%
Guatemala
0%
Guyana
0%
Haiti
0%
Honduras
0%
Hungary
0%
Italy
0%
Ivory Coast
0%
Japan
0%
Jordan
0%
Kazakhstan
0%
Kenya
0%
Kosovo
0%
Kuwait
0%
Latvia
0%
Lithuania
0%
Malawi
0%
Maldives
0%
Malta
0%
Mauritania
0%
Mozambique
0%
Niger
0%
North Korea
0%
North Macedonia
0%
Oman
0%
Paraguay
0%
Qatar
0%
Romania
0%
Rwanda
0%
Saint Kitts and Nevis
0%
San Marino
0%
São Tomé and Príncipe
0%
Saudi Arabia
0%
Serbia
0%
Singapore
0%
Somalia
0%
Sri Lanka
0%
Suriname
0%
Sweden
0%
Syria
0%
Tajikistan
0%
Tanzania
0%
Togo
0%
Tonga
0%
United Arab Emirates
0%
United Kingdom
0%
Uruguay
0%
Uzbekistan
0%
Vanuatu
0%
Yemen
0%
Zimbabwe
0%
No matching quizzes found
Score Distribution
Percent of People with Each Score
Percentile by Number Answered
Your Score History
You have not taken this quiz